| 000 | 00715cab a2200193 4500 | ||
|---|---|---|---|
| 001 | ABS43240 | ||
| 008 | 090401t1990 xxu||||| |||| 00| 0 eng d | ||
| 035 | _a(Sirsi) u41017 | ||
| 041 | _aeng | ||
| 245 | _aBe the tortoise, not the hare | ||
| 260 | _c1990 | ||
| 350 | _a0 | ||
| 490 |
_aAsian Property _vAugust 1990, 44-71(26) |
||
| 520 | _aA special report on the USA property market for foreign investors with items on the sales and loans crisis, Asia n investment in Seattle , housing iand farming in California and the office markets of Boston , Houston , Los Angeles , Atlanta , San Francisco and Chicago . | ||
| 650 | _aFLORIDA | ||
| 690 | _aOVERSEAS-NORTH AMERICA | ||
| 942 | _n0 | ||
| 948 | _c04/03/1997 | ||
| 999 |
_c26322 _d26322 |
||